Tratados filosóficos de Lucio Anneo Séneca / (Record no. 143386)

MARC details
000 -LEADER
campo de control de longitud fija 00655nam a2200193 4500
001 - NÚMERO DE CONTROL
campo de control 143386
003 - IDENTIFICADOR DE NÚMERO DE CONTROL
campo de control ES-MaACL
007 - CAMPO FIJO DE DESCRIPCIÓN FÍSICA--INFORMACIÓN GENERAL
campo de control de longitud fija t|
008 - DATOS DE LONGITUD FIJA--INFORMACIÓN GENERAL
campo de control de longitud fija 070214s1929 sp r ||||1| spa d
100 1# - ENTRADA PRINCIPAL--NOMBRE DE PERSONA
Nombre de persona Séneca, Lucio Anneo.
9 (RLIN) 105451
245 10 - MENCIÓN DEL TÍTULO
Título Tratados filosóficos de Lucio Anneo Séneca /
Mención de responsabilidad, etc. traducción de Pedro Fernández Navarrete.
260 ## - PUBLICACIÓN, DISTRIBUCIÓN, ETC.
Lugar de publicación, distribución, etc. Madrid :
Nombre del editor, distribuidor, etc. [s.n.],
Fecha de publicación, distribución, etc. 1929 (
Fabricante Imp. La Rafa)
300 ## - DESCRIPCIÓN FÍSICA
Extensión XVI, 341 p. ;
Dimensiones 24 cm.
490 1# - MENCIÓN DE SERIE
Mención de serie Biblioteca de filósofos españoles
700 1# - ENTRADA AGREGADA--NOMBRE PERSONAL
Nombre de persona Fernández Navarrete, Pedro.
9 (RLIN) 49952
830 0# - PUNTO DE ACCESO ADICIONAL DE SERIE-TÍTULO UNIFORME
Título uniforme Biblioteca de filósofos españoles
9 (RLIN) 187269
852 ## - LOCALIZACIÓN
Ubicación ES-MaACL
Número de control de estantería B-3458
Sublocalización o colección R.29195
Holdings
Estatus retirado Estado de pérdida Estado de daño No para préstamo Biblioteca de origen Biblioteca actual Ubicación en estantería Fecha de adquisición Fuente de adquisición Total de préstamos Signatura topográfica completa Código de barras Visto por última vez Precio de reemplazo Tipo de ítem Koha
        Biblioteca del Ateneo de Madrid Biblioteca del Ateneo de Madrid Sala Pardo Bazán 17/01/2008     B-3458 1149181 23/02/2023 23/02/2023 Libro impreso